| 000 | 01257nam a2200265Ia 4500 | ||
|---|---|---|---|
| 001 | 19494 | ||
| 003 | GE_BSU | ||
| 008 | 181216s||||||||xx |||||||||||||| ||und|| | ||
| 040 | _cGE_BSU | ||
| 080 | _a811.353.2'342 | ||
| 100 | _aჟღენტი, სერგი | ||
| 245 | _aსვანური ენის ფონეტიკის ძირითადი საკითხები : ექსპერიმენტული გამოკვლევა | ||
| 245 | _cრედ:ვ.თოფურია | ||
| 250 | _aსაქ. სსრ მეცნ. აკადემია. ენის ინ-ტი აკად., ნ. მარის სახელობისა. | ||
| 260 | _aთბილისი | ||
| 260 | _bსაქ. სსრ მეცნ. აკად. გამ-ბა და სტ | ||
| 260 | _c1949 | ||
| 300 | _a225გვ;23სმ. | ||
| 300 | _bდანართი: საძიებელი, გვ. 216-224. - ბიბლიოგრაფია წინასიტყვ. და შენიშვნებში | ||
| 300 | _eილ. | ||
| 541 | _h3ლ. | ||
| 653 | _aსვანური ენა | ||
| 653 | _aსვანური ენის ფონეტიკა; | ||
| 942 | _cBK | ||
| 999 |
_c52471 _d52471 |
||